000 00726nam a2200229 a 4500
001 52011
003 BD-RjUL
005 20211209075736.0
008 160905s1992 ii ab b 001 0 eng
020 _a8120416252
035 _a(BD-RjUL)52131
040 _aDLC
_cDLC
_beng
041 _aeng
082 _223
_a333.76130954
_bRAS 1992
100 1 _aRamakrishnan, P. S.
_9155533
245 1 0 _aShifting agriculture and sustainable development of North-Eastern India /
_cP.S. Ramakrishnan
260 _aNew Delhi :
_bOxford & IBH Pub. Co.,
_cc1992
300 _axvii, 424 p. :
_bill. ;
_c25 cm.
504 _aIncludes bibliographical references and index.
650 0 _aShifting cultivation
_zIndia
_9155534
942 _2ddc
_cBK
999 _c52011
_d52011